Small landholdings modernisation: (Record no. 121534)
[ view plain ]
| 000 -LEADER | |
|---|---|
| fixed length control field | 02029nam a22002297a 4500 |
| 008 - FIXED-LENGTH DATA ELEMENTS--GENERAL INFORMATION | |
| fixed length control field | 230605e20230602xxk|||||o||||o00| 0 eng d |
| 041 ## - LANGUAGE CODE | |
| Language code of text/sound track or separate title | eng |
| 245 ## - TITLE STATEMENT | |
| Title | Small landholdings modernisation: |
| Subtitle | consultation analysis |
| Medium | [online publication] |
| 260 ## - PUBLICATION INFORMATION | |
| Publisher | Agriculture and Rural Economy Directorate, |
| Date | 2 June 2023 |
| 520 ## - ABSTRACT | |
| Abstract | A Scottish Government report outlines the results of its consultation on proposals to modernise and update small landholdings legislation to give small landholders equality of opportunity in line with tenant farmers and crofters, help small landholders to play their part in tackling the climate and biodiversity crises, and to enable small landholdings to play a role in supporting local rural communities and population sustainability. It analyses responses to questions relating to the right to buy and access to an umbrella body, for which broad support was given, and diversification, and assignation and succession, where views were mixed. Recommendations drawn from the consultation findings include that: small landholders should be given the absolute right to buy the land under their homes and gardens; small landholders should have the opportunity to purchase their small landholding if their landlord gives notice or takes action to transfer the land containing the small landholding for sale or transfer to another company or trust; further consideration should be given to the introduction of a clawback provision, and how to ensure that it is applied fairly and consistently; and small landholders should be able to diversify their activities on landholdings. |
| 650 ## - KEYWORDS | |
| Keywords | LANDLORD AND TENANT |
| 650 ## - KEYWORDS | |
| Keywords | RURAL LAND |
| 650 ## - KEYWORDS | |
| Keywords | SCOTLAND |
| 650 ## - KEYWORDS | |
| Keywords | SMALLHOLDINGS |
| 650 ## - KEYWORDS | |
| Keywords | SMALL LANDHOLDINGS |
| 651 ## - SUBJECT ADDED ENTRY--GEOGRAPHIC NAME | |
| Geographic name | Scotland |
| 690 ## - BROAD SUBJECT | |
| 9 (RLIN) | 6251 |
| Broad subject | Land use |
| 690 ## - BROAD SUBJECT | |
| 9 (RLIN) | 6252 |
| Broad subject | Landlord and tenant |
| 710 2# - ADDED CORPORATE NAME | |
| Added corporate author | Scottish Government |
| 856 ## - ONLINE RESOURCE | |
| Uniform Resource Identifier | <a href="https://www.gov.scot/publications/small-landholdings-modernisation-consultation-report/">https://www.gov.scot/publications/small-landholdings-modernisation-consultation-report/</a> |
| Public note | Available on gov.scot |
| 942 ## - ADDED ENTRY ELEMENTS (KOHA) | |
| Suppress in OPAC | Do not suppress in OPAC |
| Lost status | Damaged status | Not for loan | Home library | Current library | Shelving location | Date acquired | Total Checkouts | Full call number | Date last seen | Price effective from | Koha item type |
|---|---|---|---|---|---|---|---|---|---|---|---|
| Virtual | Virtual | Online | 05/06/2023 | ONLINE PUBLICATION | 05/06/2023 | 05/06/2023 | Online material |